000 00535nam a2200181Ia 4500
008 090124s9999 xx 000 0 und d
082 _b19053
_a990
100 _aबाबर सरोजिनी
245 _a तीर्थाचे सागर
250 _a1
260 _c1974
300 _a468
600 _aबाबर सरोजिनी
630 _a तीर्थाचे सागर
700 _aबाबर सरोजिनी
730 _a तीर्थाचे सागर
942 _cBOOK
999 _c132994
_d132994